| 000 | 01197nam a2200229Ia 4500 | ||
|---|---|---|---|
| 001 | L220-4052 | ||
| 003 | IT-CnALBA | ||
| 008 | 170116s9999||||xx |||||||||||||| ||und|| | ||
| 040 |
_aIT-CnALBA _cIT-CnALBA |
||
| 041 | _aITALIANO | ||
| 100 | _aISAIA PROFETA | ||
| 245 | 0 | _aLA SACRA BIBBIA. VECCHIO TESTAMENTO. VOL. VI. I PROFETI: ISAIA GEREMIA 1. | |
| 250 | _a1a ed. | ||
| 260 |
_a FIRENZE _bSALANI ADRIANO, CASA EDITRICE _c1952 [1° Ed.:1952 - Ed.Ling.Originale: 1952] |
||
| 300 | _a410 p. | ||
| 500 | _aTRADUTTORE DI VACCARI DAI TESTI ORIGINALI. NOTE. CURATORE ISTITUTO BIBLICO ROMA. ISAIA GEREMIA LAMENTAZIONI BARUC LETTERA DI GEREMIA. APPENDICE CRITICA ED EXTRACANONICA. ABBREVIATURE E SEGNI DIVERSI. TAVOLE INTRODUZIONE PROFETISMO. | ||
| 501 | _aSocietà San Paolo EM - Piazza San Paolo, 14 - 12051 ALBA (CN) (non commercial uses only) ® Copyright 2017 | ||
| 520 | _aTRADUTTORE DI VACCARI DAI TESTI ORIGINALI. NOTE. CURATORE ISTITUTO BIBLICO ROMA. ISAIA GEREMIA LAMENTAZIONI BARUC LETTERA DI GEREMIA. APPENDICE CRITICA ED EXTRACANONICA. ABBREVIATURE E SEGNI DIVERSI. TAVOLE INTRODUZIONE PROFETISMO. | ||
| 650 | _aBIBBIA - TESTI E COMMENTI | ||
| 942 | _cBK | ||
| 957 | _71 | ||
| 999 |
_a5030 _bNO _g Copie: 1 _c263238 _d263238 |
||